The Pearson General Studies (Paper- II) 2014 (Record no. 336367)

MARC details
000 -LEADER
fixed length control field 00514nam a2200169Ia 4500
008 - FIXED-LENGTH DATA ELEMENTS--GENERAL INFORMATION
fixed length control field 230718s9999 xx 000 0 und d
020 ## - INTERNATIONAL STANDARD BOOK NUMBER
International Standard Book Number 9789332519923
041 ## - LANGUAGE CODE
Language code of text/sound track or separate title eng
082 ## - DEWEY DECIMAL CLASSIFICATION NUMBER
Classification number 372.126
Item number THO
100 ## - MAIN ENTRY--PERSONAL NAME
Personal name Thorpe E.
9 (RLIN) 108756
245 ## - TITLE STATEMENT
Title The Pearson General Studies (Paper- II) 2014
Remainder of title For The Civil Services Preliminary Examination
260 ## - PUBLICATION, DISTRIBUTION, ETC. (IMPRINT)
Date of publication, distribution, etc. 2014
Name of publisher, distributor, etc. Pearson
300 ## - PHYSICAL DESCRIPTION
Extent 1253
365 ## - TRADE PRICE
Currency code Rs.
Price amount 700.00
700 ## - ADDED ENTRY--PERSONAL NAME
Personal name Thorpe E. & Thorpe S.
906 ## - LOCAL DATA ELEMENT F, LDF (RLIN)
d O:0391809-Jun-2014B:64724-Apr-2014
c GENRL
b 233.1
Holdings
Withdrawn status Lost status Damaged status Not for loan Home library Current library Date acquired Vendor Budget Code Cost, normal purchase price Bill number Total Checkouts Full call number Barcode Date last seen Discount Cost, replacement price Bill Date Koha item type Original Barcode
        Cummins College of Engineering for Women Pune Cummins College of Engineering for Women Pune 09/06/2014 Vaibhav Book House GENRL 466.90 647   372.126 CCEP-BK-47574 18/07/2023 233.1 700.00 24/04/2014 Books 047574